Indagación de lo poético /

Shranjeno v:
Bibliografske podrobnosti
Glavni avtor: Valdivia, Benjamín (autor)
Format: Knjiga
Jezik:španščina
Izdano: México : CONACULTA, 2001, c2001
Izdaja:2a edición
Serija:(Tierra Adentro ; 59)
Teme:
Oznake: Označite
Brez oznak, prvi označite!

MARC

LEADER 00000nam^a2200000^a^4500
001 000166158
005 20250521000000.0
009 20260310101042.585
020 |a 970-18-7005-0 
037 |a Acervo ITESO - Biblioteca 
041 |a ESP 
082 |a 864.  |b VAL 
100 |a Valdivia, Benjamín  |e (autor) 
245 1 0 |a Indagación de lo poético /  |c B. Valdivia. 
250 |a 2a edición 
264 4 |a México :  |b CONACULTA,  |c 2001, c2001 
300 |a 112 p. 
336 |a texto  |b txt  |2 rdacontenido 
337 |a sin mediación  |b n  |2 rdamedio 
338 |a volumen  |b nc  |2 rdasoporte 
440 1 |a (Tierra Adentro ;  |v 59) 
649 |a XX 
650 |a Ensayos Mexicanos 
650 |a Literatura Mexicana -  |y Siglo XX 
650 |a Poética 
650 |a Poesía -  |x Historia y Crítica 
910 |a Fondo General 
920 |a Impresos - Libros 
930 |a Colección General 
940 |a Literatura 
905 |a 101 
901 |a 0500101501  |b IT1  |c LIT  |u 20250521 
902 |a https://opac.biblio.iteso.mx/vufind/Record/000166158